Normal view
MARC view
- Dell'Isola, Alphonse J.
Entry Personal Name
001 - CONTROL NUMBER
- control field: 26064
003 - CONTROL NUMBER IDENTIFIER
- control field: NUST
005 - DATE AND TIME OF LATEST TRANSACTION
- control field: 20191122110735.0
008 - FIXED-LENGTH DATA ELEMENTS
- fixed length control field: 191122|| aca||aabn | a|a d
040 ## - CATALOGING SOURCE
- Original cataloging agency: NUST
- Transcribing agency: NUST
100 ## - HEADING--PERSONAL NAME
- Personal name: Dell'Isola, Alphonse J.
670 ## - SOURCE DATA FOUND
- Source citation: Work cat.: (NUST)0: Dell'Isola, Alphonse J., Life cycle costing for facilities :, c2003.
